Movies of 1996 Quiz Stats

Quiz Updated Jul 25, 2013

Also try: Movies of 1997
Challenge
Share
Tweet
Score 0/16 Timer 05:00
9 Plays Today
Picture Movie % Correct
13Mission: Impossible
89.8%
2Space Jam
88.9%
1Scream
87.4%
11Independence Day
86.6%
9Happy Gilmore
85.1%
15The Nutty Professor
81.5%
12101 Dalmatians
73.9%
6James and the Giant Peach
64.7%
Picture Movie % Correct
5Jerry Maguire
58.8%
4Fargo
54%
16Mars Attacks!
52.9%
7Trainspotting
46.5%
3The Rock
45.5%
10The English Patient
41.3%
14From Dusk Till Dawn
38.2%
8Kingpin
37.8%

You're not logged in!

Compare scores with friends on all Sporcle quizzes.
Sign Up with Email
OR
Log In

You Might Also Like...

Show Comments

Extras

Top Quizzes Today


Score Distribution

Your Account Isn't Verified!

In order to create a playlist on Sporcle, you need to verify the email address you used during registration. Go to your Sporcle Settings to finish the process.